|
|
|
|
| LEADER |
00000nam a2200000 a 4500 |
| 001 |
vtls010463997 |
| 003 |
SK-MaSNL |
| 005 |
20260301174038.0 |
| 008 |
240318s1758 au 001 0 lat |
| 020 |
|
|
|q (viaz.)
|
| 040 |
|
|
|a SNK
|b slo
|c SNK
|e AACR2
|
| 041 |
0 |
|
|a lat
|
| 044 |
|
|
|a au
|c AT
|
| 072 |
|
7 |
|a 27-1/-2
|x Kresťanská teológia. Dogmatická teológia
|2 konspekt
|
| 080 |
|
|
|a 272-1
|2 2008
|
| 100 |
1 |
|
|a Redlhamer, Joseph
|4 aut
|9 545823
|
| 245 |
1 |
0 |
|a Institutiones Scholastico-Dogmaticae
|b quas in Universitate Viennensi ... Tractatus De Gratia Christi
|c Josephus Redlhamer
|
| 260 |
|
|
|a Viennae Austriae
|b Typis Joannis Thomae Trattner, Caes. Reg. Maj. Aulae Typographi & Bibliop.
|c 1758
|
| 300 |
|
|
|a 434, [13] s.
|c 4°
|c 22 x 17 cm
|
| 520 |
|
|
|a Vinety, iniciálky s figurálnym a ornamentálnym pozadím v rámčeku na 5, 6 r., kustódy
|
| 650 |
0 |
7 |
|a katolícka teológia
|2 snkph
|9 4021
|
| 710 |
0 |
|
|a Johann Thomas von Trattner (Viedeň, Rakúsko : tlačiareň)
|4 prt
|9 145800
|
| 752 |
|
|
|a Rakúsko
|d Wien
|
| 958 |
|
|
|a ONDV
|
| 999 |
|
|
|c 838513
|d 840443
|
| 952 |
|
|
|a SNK
|b SNK
|y PREZ
|7 0
|p 17A1055257
|o snkIC 140421
|i snk2012/21842
|8 3
|g 195.00
|0 0
|1 0
|4 0
|d 2012-10-26
|l 0
|r 2026-02-24 04:01:37
|w 2026-02-24
|